00296 2200133 4500001002100000005001500021035002000036245003600056300000700092260003100099082000800130084001200138990001200150INLIS00000000000240720250528122007 a0010-0525000699 aSenyum Karyamin /cAhmad Tohari a73 aJakarta :bGramedia,c2005 a813 a813 SEN a0713424